000 00987nam a22003137a 4500
001 0011241
003 KOHA_MİRAKIL
005 20260207001810.0
007 ta
008 091203b1995 tu |||gr||||#||||0|tur |
020 _c0,01
040 _aTR-BiSEU
_btur
_cTR-BiSEU
_erda
041 0 _atur
044 _ctu
050 _aTK7871
_b.T73 1995
245 0 _aTransistor + Fet Veri ve Karşılık Tabloları (A...Z).
264 1 _aİstanbul :
_bFono Açıköğretim kurumu Yayınları
_c1995
300 _a261 sayfa; 21 cm.
336 _ametin
_btxt
_2rdacontent
337 _aaracısız
_bn
_2rdamedia
338 _acilt
_bnc
_2rdacarrier
650 0 _aTransistörler--Tablolar.
_927371
650 0 _aTransistors--Tables.
_927372
650 0 _aAlan etkili transistörler--Tablolar.
_927373
650 0 _aField-effect transistors--Tables.
_927374
650 0 _aBağlantılar (Mühendislik)--Tablolar.
_927375
650 0 _aJoints (Engineering)--Tables.
_927376
942 _2lcc
_cBK
999 _c11211
_d11211